000 01159nam0a22002891 4500
001 rc\4958250
005 20260407103334.0
021 _aRU
_bРг2457-59
035 _a(NLR Aleph) 008861237
090 _a8462502
_c8462502
100 _a20130426d1959 |||y0rusy50 ca
101 1 _arus
_cger
102 _aRU
105 _ay z |||||
200 1 _aРазвитие техники печатных схем в Чехословакии
_e(Пер. с нем.)
_fГос. ком. Совета Министров СССР по радиоэлектронике
210 _aМосква
_cЦБНТИ
_d1959
215 _a[1], 12 л.
_d29
225 1 _aПеревод
_v№ П-1792/58
300 _aЛитогр.
300 _aПер. из журн.: "Radio und Fernsehen", 1958, VII, № 15
300 _aТекст на одной стороне листа
712 0 2 _aЦентральное бюро научно-технической информации по радиоэлектронике
_cМосква
_3RU\NLR\AUTH\889932063
_9359478
801 0 _aRU
_bNLR
_gpsbo
801 1 _aRU
_bELAR
_2rusmarc
852 _aNLR
_j59-8/913
942 _cBOOK
980 _aNB